000 00664nam a2200193 i 4500
001 42132
003 ES-MaACL
005 20251124170353.0
007 t|
008 030312s1942 sp ||||1| spa d
100 1 _aCastelo Branco, Camilo,
_d1825-1890
_936559
245 1 0 _aAmor de perdición /
_cCamilo Castello Branco ; versión castellana y prólogo de Manuel Casado Nieto ; ilustraciones de J. Narro.
260 _aBarcelona :
_bLuis Miracle,
_c[1942]
300 _a239 p. :
_bil. ;
_c21 cm.
700 1 _aCasado Nieto, Manuel.
_936023
700 1 _aNarro, José,
_d1902-
_984950
852 _aES-MaACL
_jB-9776
_bR.19467
999 _c42132
_d42132